000 00343nam a22001097a 4500
999 _c14061
_d14061
082 _a297.082
100 _aطالب ہاشمی
245 _aتاریخ اسلام کی چار سو باکمال خواتین
260 _aلاہور
_bطالب ہاشمی میموریل ٹرسٹ پبلیکیشنز
_c2015
300 _aصفحات 640
942 _cBK